000 00816nam a22002177a 4500
005 20170906162735.0
010 _aENG-119522-523
020 _c1668.00(set of vols)
_a9780199465156 (vol-1)
020 _c1668.00(set of vols)
_a9780199465163(vol-2)
035 _aEN-103054-055
037 _bDBAD/PUB
082 _a872.3
245 _aThe oxford India anthology of modern Malayalam literature :
_cedited by P.P. Raveendra [and] G.S. Jaysree ; project editor Mini Krishnan
_bfiction/
260 _aNew Delhi
_bOxford University Press
_c2017
270 _aYMCA Library Building-1 Jaisingh road
_bNew Delhi
_e110001
300 _a2-vols-(xxviii,515p. ; xxvi,432p.)
_c20cm(pbk)
700 _a P.P. Raveendra
700 _aG.S. Jaysree
700 _aMini Krishnan
942 _2ddc
_cEN
_mTHE
_h872.3
999 _c143118
_d143118